| 000 | 00759nam a2200205 a 4500 | ||
|---|---|---|---|
| 001 | 000035868 | ||
| 005 | 20200930074659.0 | ||
| 008 | 111115s1975 mx 000 0 spa d | ||
| 040 |
_aDO-SdBNP _bspa _cBNPHU |
||
| 082 |
_axxx _bM169n |
||
| 100 | 1 |
_aMcneil, Elton _961854 |
|
| 240 | 1 | 3 |
_aThe nature of human conflict _lespañol |
| 245 | 1 | 3 |
_aLa naturaleza del conflicto humano / _cElton Mcneil ; traducción Carlos Sierra. |
| 260 |
_aMéxico : _bFondo Cultural Económica, _c1975. |
||
| 300 |
_a406 p. ; _c21 cm. |
||
| 490 | 1 | _aBiblioteca de psicología y psicoanálisis | |
| 590 | _aPerteneció a la biblioteca personal de Juan Isidro Jimenes Grullón | ||
| 700 | 1 |
_aSierra, Carlos, _etr. _961855 |
|
| 830 | 0 |
_aBiblioteca de psicología y psicoanálisis _947704 |
|
| 999 |
_c35359 _d35359 |
||